Schaum's outline of theory and problems of differential and integral calculus

Saved in:
Bibliografiske detaljer
Hovedforfatter: Ayres, Frank (Author)
Format: Bog
Sprog:engelsk
Udgivet: Nueva York Schaum 1964
Udgivelse:2a. ed
Serier:Schaum's Outline Series
Fag:
Tags: Tilføj Tag
Ingen Tags, Vær først til at tagge denne postø!

MARC

LEADER 00000nam a2200000 a 4500
001 UCV7852
003 CL-VaPUC
008 891115e19640000US |||||||||||||||||eng|d
082 0 4 |a 515.3  |b AYR  |2 21 
100 0 |a Ayres, Frank  |e author  |9 301961 
245 1 0 |a Schaum's outline of theory and problems of differential and integral calculus 
250 |a 2a. ed 
300 |a 345 p 
942 |c BK 
945 |d 19891115 00:00:00 
260 |a Nueva York  |b Schaum  |c 1964 
650 0 |a Cálculo diferencial   |9 260102 
650 0 |a Problemas, ejercicios, etc  |9 259377 
650 0 |a Cálculo integral  |9 260103 
583 |a last modification  |c 19891115 00:00:00  |k Rodrigo Vera 
490 0 |a Schaum's Outline Series 
999 |c 213463  |d 213461 
952 |0 0  |1 0  |4 0  |6 515_300000000000000_AYR_1964  |7 0  |8 P  |9 195867  |a BIBARQ  |b BIBARQ  |d 2019-11-14  |i 2638576  |o 515.3 AYR 1964  |p 2638576  |r 2025-01-20  |w 2019-11-14  |y BK  |k ARQ